| 000 | 00382nam a2200157Ia 4500 | ||
|---|---|---|---|
| 008 | 240729s9999 xx 000 0 und d | ||
| 022 | _a2218-273X | ||
| 245 | 0 | _aBiomolecules | |
| 260 | _aSwitzerland | ||
| 260 | _bMDPI AG | ||
| 650 | _a Microbiology | ||
| 650 | _aScience | ||
| 856 | _uhttps://doaj.org/toc/0f4a44f76da64fd38d127e6b87974e24 | ||
| 942 | _2ddc | ||
| 942 | _cDOAJEJ | ||
| 999 |
_c74292 _d74292 |
||
| 945 |
_a1 _bMadushi Gamage _c1 _dMadushi Gamage |
||